Một số quy định về chính sách xã hội
Nội dung sách giới thiệu về lĩnh vực chính sách xã hội được ban hành từ tháng 12-2007 đến những tháng đầu năm 2008.
Đã lưu trong:
| Định dạng: | Sách |
|---|---|
| Ngôn ngữ: | Undetermined |
| Được phát hành: |
Hà Nội
Chính trị Quốc gia
2008
|
| Những chủ đề: | |
| Các nhãn: |
Thêm thẻ
Không có thẻ, Là người đầu tiên thẻ bản ghi này!
|
| Thư viện lưu trữ: | Trung tâm Học liệu Trường Đại học Cần Thơ |
|---|
| LEADER | 00754nam a2200181Ia 4500 | ||
|---|---|---|---|
| 001 | CTU_143481 | ||
| 008 | 210402s9999 xx 000 0 und d | ||
| 020 | |c 51000 | ||
| 082 | |a 353.5 | ||
| 082 | |b M458 | ||
| 245 | 0 | |a Một số quy định về chính sách xã hội | |
| 260 | |a Hà Nội | ||
| 260 | |b Chính trị Quốc gia | ||
| 260 | |c 2008 | ||
| 520 | |a Nội dung sách giới thiệu về lĩnh vực chính sách xã hội được ban hành từ tháng 12-2007 đến những tháng đầu năm 2008. | ||
| 650 | |a Administrative law,Social policy,Chính sách xã hội,Luật hành chính công | ||
| 904 | |i Tuyến | ||
| 980 | |a Trung tâm Học liệu Trường Đại học Cần Thơ | ||